Acteur dans la série Friends - Statistiques

Statistiques générales
  • Ce quiz a été pris 513 fois
  • Le résultat moyen est 6 sur 11
Statistiques - réponses
Hint Réponse % Correct
Rachel Karen Green-Geller Jennifer Aniston
97%
Joseph Francis Tribbiani Matt LeBlanc
91%
Chandler Muriel Bing Matthew Perry
81%
Phoebe Buffay Hannigan Lisa Kudrow
80%
Ross Eustace Geller David Schwimmer
69%
Monica E. Geller-Bing Courteney Cox
66%
Richard Burke Tom Selleck
38%
Janice Littman Guralnick Maggie Wheeler
18%
Jack Geller Elliott Gould
16%
Gunther James Michael Tyler
15%
Judy Geller Christina Pickles
11%
Aucun quiz correspondant
Distribution des résultats
% des personnes avec chaque résultat
Percentile par nombre de réponses
Votre historique - résultats
Vous n’avez pas pris ce quiz